The Pathan revolt in North-west India / (Record no. 331701)

000 -LEADER
fixed length control field 01066cam a2200301 a 4500
001 - CONTROL NUMBER
control field 17986989
003 - CONTROL NUMBER IDENTIFIER
control field NUST
005 - DATE AND TIME OF LATEST TRANSACTION
control field 20171016113830.0
008 - FIXED-LENGTH DATA ELEMENTS--GENERAL INFORMATION
fixed length control field 140103r18972009pk b 000 0 eng c
010 ## - LIBRARY OF CONGRESS CONTROL NUMBER
LC control number 2013344112
020 ## - INTERNATIONAL STANDARD BOOK NUMBER
International Standard Book Number 9789693507546
020 ## - INTERNATIONAL STANDARD BOOK NUMBER
International Standard Book Number 9693507541
035 ## - SYSTEM CONTROL NUMBER
System control number (OCoLC)ocn839672895
040 ## - CATALOGING SOURCE
Original cataloging agency COO
Language of cataloging eng
Transcribing agency COO
Modifying agency OCLCO
-- DLC
042 ## - AUTHENTICATION CODE
Authentication code pcc
-- lcode
043 ## - GEOGRAPHIC AREA CODE
Geographic area code a-ii---
050 00 - LIBRARY OF CONGRESS CALL NUMBER
Classification number DS392.N67
Item number M55 2009
082 ## - DEWEY DECIMAL CLASSIFICATION NUMBER
Classification number 954.912
Author Mark MIL
100 1# - MAIN ENTRY--PERSONAL NAME
Personal name Mills, H. Woosnam.
9 (RLIN) 5470
245 14 - TITLE STATEMENT
Title The Pathan revolt in North-west India /
Statement of responsibility, etc. H. Woosnam Mills.
260 ## - PUBLICATION, DISTRIBUTION, ETC.
Place of publication, distribution, etc. Lahore, Pakistan :
Name of publisher, distributor, etc. Sang-e-Meel Publications,
Date of publication, distribution, etc. 2009.
300 ## - PHYSICAL DESCRIPTION
Extent ii, 191 p. :
Other physical details maps ;
Dimensions 22 cm.
500 ## - GENERAL NOTE
General note Reprint : Orginally published : Lahore : Civil and Military Gazette Press, 1897.
650 #0 - SUBJECT ADDED ENTRY--TOPICAL TERM
Topical term or geographic name entry element Pushtuns.
9 (RLIN) 3930
651 #0 - SUBJECT ADDED ENTRY--GEOGRAPHIC NAME
Geographic name Khyber Pakhtunkhwa (Pakistan)
General subdivision History.
9 (RLIN) 3865
651 #0 - SUBJECT ADDED ENTRY--GEOGRAPHIC NAME
Geographic name India
General subdivision History
Chronological subdivision British occupation, 1765-1947.
9 (RLIN) 3825
906 ## - LOCAL DATA ELEMENT F, LDF (RLIN)
a 7
b cbc
c pccadap
d 3
e ncip
f 20
g y-gencatlg
942 ## - ADDED ENTRY ELEMENTS (KOHA)
Source of classification or shelving scheme
Koha item type Book
Holdings
Withdrawn status Lost status Source of classification or shelving scheme Damaged status Not for loan Collection code Permanent Location Current Location Shelving location Date acquired Total Checkouts Total Renewals Full call number Barcode Date last seen Date last checked out Copy number Price effective from Koha item type
            Central Library (CL) Central Library (CL) Book Cart 10/16/2017 3 3 954.912 MIL CL2870 01/30/2026 10/07/2025 1 10/16/2017 Book
© 2023 Central Library, National University of Sciences and Technology. All Rights Reserved.